Skład Falubazu Zielona Góra 2024 - Statystyki

Ogólne statystyki
  • Ten quiz został rozwiązany 74 razy
  • Średni wynik to 8 z 13
Statystyki odpowiedzi
Numer Zawodnik % Poprawnych
5 Piotr Pawlicki
93%
4 Przemysław Pawlicki
93%
1 Jarosław Hampel
90%
7 Oskar Hurysz
87%
3 Rasmus Jensen
87%
2 Jan Kvech
85%
6 Krzysztof Sadurski
72%
8 Michał Curzytek
72%
- Kacper Rychlinski
30%
- Jonas Knudsen
18%
- Mateusz Łopuski
18%
- Rune Thorst
15%
- Matous Kamenik
8%
Nie znaleziono quizów pasujących do podanych kryteriów
Rozkład punktacji
Procent ludzi z każdym wynikiem
Percentyl według liczby udzielonych odpowiedzi
Twoja historia wyników
Nie rozwiązałeś tego quizu